Statistiques concernant Les 20 meilleurs buteurs sur une saison de LDC au 21ème siècle

Cliquez ici pour prendre le quiz!

Statistiques générales

  • Ce quiz a été pris 516 fois
  • Le résultat moyen est 16 sur 20

Statistiques - réponses

TopNb MatchsNb ButsSaisonJoueur% Correct
111172013/2014Cristiano Ronaldo
100%
212162015/2016Cristiano Ronaldo
100%
1413122016/2017Cristiano Ronaldo
100%
1112122012/2013Cristiano Ronaldo
100%
413152017/2018Cristiano Ronaldo
100%
611142011/2012Lionel Messi
100%
1010122018/2019Lionel Messi
100%
1313122010/2011Lionel Messi
100%
169112016/2017Lionel Messi
100%
312152021/2022Karim Benzema
94%
510152019/2020Robert Lewandowski
91%
710132021/2022Robert Lewandowski
91%
88122022/2023Erling Haaland
90%
188102020/2021Erling Haaland
90%
198102019/2020Erling Haaland
90%
1715112017/2018Mohamed Salah
67%
208102013/2014Zlatan Ibrahimovic
32%
158112021/2022Sebastien Haller
28%
99122002/2003Ruud van Nistelrooy
26%
1212122011/2012Mario Gomez
18%

Distribution des résultats

Percentile par nombre de réponses

% des personnes avec chaque résultat

Votre développement - résultats

Vous n’avez pas pris ce quiz